[Event "GER-ch U25 op-B"]
[Site "Oberhof"]
[Date "2013.05.22"]
[Round "6"]
[White "Chung, Nicholas"]
[Black "Bossert, Moritz"]
[Result "1-0"]
[WhiteElo "946"]
[BlackElo "879"]
[PlyCount "93"]
[EventDate "2013.05.19"]
[EventType "swiss"]
[EventRounds "9"]
[EventCountry "GER"]
[SourceTitle "CBM 154 Extra"]
[Source "ChessBase"]
[SourceDate "2013.06.25"]
[SourceVersion "2"]
[SourceVersionDate "2013.06.25"]
[SourceQuality "1"]

1. e4 e6 2. d4 d5 3. exd5 exd5 4. Nf3 Nc6 5. Bf4 Nf6 6. Nc3 Bf5 7. Nb5 Rc8 8. Nc3 Bd6 9. Bg5 0-0 10. Nxd5 Nb4 11. Bxf6 gxf6 12. Nxb4 Bxb4+ 13. c3 Bd6 14. Nh4 Bg6 15. Qg4 Re8+ 16. Be2 Kg7 17. Nf5+ Kg8 18. Nh6+ Kg7 19. Nf5+ Kg8 20. 0-0 Rxe2 21. Qxe2 Bxf5 22. Qf3 Bg6 23. Qxb7 Ra8 24. Qf3 c6 25. Qxc6 Rb8 26. b3 Rb6 27. Qf3 Qc7 28. g3 Be7 29. Rfe1 Re6 30. Rxe6 fxe6 31. Re1 e5 32. dxe5 fxe5 33. Qd5+ Bf7 34. Qxe5 Qxe5 35. Rxe5 Bf6 36. Ra5 Bxc3 37. Rxa7 Kg7 38. Kg2 Kf6 39. f4 Bg6 40. a4 Ke6 41. a5 Kd6 42. Ra6+ Kc7 43. Re6 Bxa5 44. Kf3 Bf5 45. Re5 Bc2 46. Rxa5 Bxb3 47. Ra7+ 1-0

[Event "GER-ch U25 op-B"]
[Site "Oberhof"]
[Date "2013.05.19"]
[Round "1"]
[White "Walter, Daniel"]
[Black "Chung, Nicholas"]
[Result "1-0"]
[WhiteElo "1338"]
[BlackElo "946"]
[PlyCount "67"]
[EventDate "2013.05.19"]
[EventType "swiss"]
[EventRounds "9"]
[EventCountry "GER"]
[SourceTitle "CBM 154 Extra"]
[Source "ChessBase"]
[SourceDate "2013.06.25"]
[SourceVersion "2"]
[SourceVersionDate "2013.06.25"]
[SourceQuality "1"]

1. e4 e5 2. Bc4 Nf6 3. Nf3 Nc6 4. Ng5 d5 5. exd5 b5 6. Bxb5 Qxd5 7. Bxc6+ Qxc6 8. 0-0 Bb7 9. f3 Bc5+ 10. Kh1 h6 11. Nh3 0-0-0 12. Qe2 Rde8 13. d3 g5 14. Nf2 Rhg8 15. Nc3 h5 16. Nfe4 Nxe4 17. Nxe4 g4 18. fxg4 hxg4 19. Nf6 Rg6 20. Nxe8 Qxe8 21. Be3 Bxe3 22. Qxe3 Qc6 23. Rf2 Rf6 24. Qg3 Rxf2 25. Qxf2 f5 26. Qxf5+ Kd8 27. Qg5+ Ke8 28. Qxe5+ Kd8 29. Qg5+ Ke8 30. Re1+ Kf8 31. Qf5+ Kg8 32. Qxg4+ Kh7 33. Re7+ Kh6 34. Re6+ 1-0